Word Ladder: Deliverance Plot Spoiler Quiz Stats

Quiz Updated Mar 21, 2016

Challenge
Share
Tweet
Embed
Score 0/38 Timer 04:00
1 Play Today
Hint 4-Letter Word % Correct
❢ SHORT FOR WILLIAM ❢❢ BILL ❢
98.9%
Honey makersBEES
98.5%
Suspenders alternativeBELT
97.5%
Steeple ringerBELL
97.3%
Borscht basicBEET
96.2%
Bench, stool, or chairSEAT
95.2%
Tart, like a lemonSOUR
95.1%
Without much fatLEAN
95.1%
❢ QUARTET ❢❢ FOUR ❢
95%
Sauerbraten, venison, or brisketMEAT
94.1%
Fly like a kiteSOAR
94%
Sheep's fibrous outputWOOL
94%
IdiotFOOL
93.8%
Braze with flameSEAR
93.8%
Spoiled childBRAT
93.7%
Young ladsBOYS
93.4%
Disgusting or putridFOUL
93.4%
❢ HARBOR VESSEL ❢❢ BOAT ❢
93.2%
PurchasesBUYS
93.1%
Hint 4-Letter Word % Correct
Nasty or uncharitableMEAN
92.6%
Feathery scarvesBOAS
92.3%
Actress Harlow or StapletonJEAN
90.7%
Courts romanticallyWOOS
90.5%
❢ FELLOWS' ❢❢ GUYS' ❢
86.6%
Chinese noodlesMEIN
86%
Horse-control strapREIN
85.9%
❢ BENNY OR MOLE ____❢ HILL ❢
82.1%
Green pasturesLEAS
81.6%
❢ WINE-MAKING DREGS ❢❢ LEES ❢
81%
❢ EXCURSION ❢ ❢ TRIP ❢
80.8%
Spanish equivalent of Sean, John or IvanJUAN
79.2%
Clench securelyGRIP
78.4%
❢ DESTROY ❢❢ RUIN ❢
76.8%
Viscous liquidsGOOS
73.3%
Non JewsGOYS
73.2%
Abrasive particlesGRIT
72.9%
Bloke or chapBRIT
72.7%
Chinese luteRUAN
66.7%

Today's Daily Dose

Word Ladder
'90s Movies

Quick Pick
'Fire' Movies

On This Day
June 19th II

You're not logged in!

Compare scores with friends on all Sporcle quizzes.
Join for Free
OR
Log In

You Might Also Like...

Show Comments

Extras

Top Quizzes Today


Score Distribution

Your Account Isn't Verified!

In order to create a playlist on Sporcle, you need to verify the email address you used during registration. Go to your Sporcle Settings to finish the process.

Report this User

Report this user for behavior that violates our Community Guidelines.

Details: